[Event "Titled Tue 17th Jun Early"]
[Site "chess.com INT"]
[Date "2025.06.17"]
[Round "5"]
[White "Berikkyzy Alanna"]
[Black "Garcia Molina, Jose"]
[Result "1/2-1/2"]
[WhiteTitle "WFM"]
[BlackTitle "FM"]
[WhiteElo "2080"]
[BlackElo "2156"]
[WhiteFideId "13780719"]
[BlackFideId "32030592"]
[EventDate "2025.06.17"]

1. e4 g6 2. d4 Bg7 3. Nc3 c6 4. Nf3 d5 5. e5 Bg4 6. Be3 Nh6 7. Bd3 Nf5 8. h3
Bxf3 9. Qxf3 Nxe3 10. fxe3 O-O 11. O-O f6 12. exf6 Bxf6 13. Qg4 Nd7 14. Ne2 e5
15. c4 Qe7 16. Rad1 Rae8 17. cxd5 cxd5 18. Bb5 Rd8 19. Bxd7 Rxd7 20. dxe5 Bxe5
21. Rxf8+ Kxf8 22. Nf4 Bxf4 23. Qxf4+ Kg8 24. Rd4 Rd6 25. e4 Rf6 26. Qe3 dxe4
27. Rxe4 Qd6 28. Qb3+ Rf7 29. Re3 Kg7 30. Re1 b6 31. Qc3+ Qf6 32. Qd2 Qc6 33.
Kh1 Qc5 34. b4 Qc4 35. Kg1 h5 36. Rc1 Qe6 37. a4 Qe5 38. a5 bxa5 39. bxa5 h4 40.
a6 Qb5 41. Qc3+ Kh7 42. Qd4 Qxa6 43. Qxh4+ Kg7 44. Qd4+ Kh7 45. Rd1 Qb6 46. Qxb6
axb6 47. Rb1 Rb7 48. Kf2 Kg7 49. Rb5 Kf6 50. Ke3 Re7+ 51. Kf3 Re6 52. g4 Rc6 53.
h4 Rc3+ 54. Kf4 Rc4+ 55. Kf3 Rc3+ 56. Kf4 Rc4+ 57. Kf3 Rc6 58. Kf4 Rc4+ 1/2-1/2

[Event "Titled Tue 17th Jun Early"]
[Site "chess.com INT"]
[Date "2025.06.17"]
[Round "5"]
[White "Arslanov, Shamil"]
[Black "Yanev, Tihomir"]
[Result "1-0"]
[WhiteTitle "IM"]
[BlackTitle "IM"]
[WhiteElo "2410"]
[BlackElo "2354"]
[WhiteFideId "4192826"]
[BlackFideId "2910110"]
[EventDate "2025.06.17"]

1. d4 e6 2. e4 b6 3. Bd3 Bb7 4. Nf3 Nf6 5. Qe2 d5 6. e5 Nfd7 7. O-O c5 8. c3 Nc6
9. a3 Be7 10. b4 Qc7 11. Bf4 h6 12. h3 g5 13. Be3 c4 14. Bc2 O-O-O 15. a4 f6 16.
exf6 Bxf6 17. b5 Na5 18. Nbd2 e5 19. dxe5 Nxe5 20. Bd4 Rde8 21. Nxe5 Bxe5 22.
Qg4+ Kb8 23. Nf3 Bxd4 24. Nxd4 Bc8 25. Qh5 Qe5 26. Rae1 Qxe1 27. Rxe1 Rxe1+ 28.
Kh2 Re7 29. Qg6 Kc7 30. Qf6 Rhe8 31. Qxh6 Re5 32. h4 gxh4 33. Qxh4 Bd7 34. Qf4
Kc8 35. f3 Nb7 36. Qf6 Nc5 37. Bf5 Bxf5 38. Nxf5 R5e6 39. Qf7 Rh8+ 40. Kg3 Kb8
41. Nd4 1-0

[Event "Titled Tue 17th Jun Early"]
[Site "chess.com INT"]
[Date "2025.06.17"]
[Round "5"]
[White "Tulendinov, Dinmukhammed"]
[Black "Harsh, Suresh"]
[Result "1-0"]
[WhiteTitle "FM"]
[BlackTitle "IM"]
[WhiteElo "2104"]
[BlackElo "2392"]
[WhiteFideId "13730860"]
[BlackFideId "45018464"]
[EventDate "2025.06.17"]

1. e4 b6 2. d4 Bb7 3. Bd3 g6 4. Nf3 Bg7 5. O-O d6 6. c4 e6 7. Nc3 Nd7 8. h3 Ne7
9. Be3 h6 10. b4 O-O 11. Qd2 Kh7 12. a3 e5 13. d5 f5 14. Qc2 f4 15. Bd2 g5 16.
Na4 Ng6 17. c5 Bc8 18. cxd6 cxd6 19. Qc6 Rb8 20. Rac1 Qe7 21. Nb2 Bb7 22. Qa4 h5
23. Rc7 Bc8 24. Bb5 g4 25. hxg4 hxg4 26. Nh2 g3 27. fxg3 fxg3 28. Nf3 Qd8 29.
Qxa7 Ra8 30. Rxd7 Rxa7 31. Rxd8 Rxd8 32. a4 Bd7 33. Be3 Bxb5 34. axb5 Ra2 35.
Nc4 Nf4 36. Ng5+ Kg6 37. Bxf4 exf4 38. Ne6 Rc8 39. Nxd6 1-0

[Event "Titled Tue 17th Jun Early"]
[Site "chess.com INT"]
[Date "2025.06.17"]
[Round "5"]
[White "Asensio Ramos, Enrique Fernando"]
[Black "Kholyavko, Mariya"]
[Result "1-0"]
[WhiteTitle "CM"]
[BlackTitle "WFM"]
[WhiteElo "2200"]
[BlackElo "2175"]
[WhiteFideId "2214172"]
[BlackFideId "13748505"]
[EventDate "2025.06.17"]

1. d4 d5 2. Nc3 Nf6 3. Bf4 c6 4. e3 Bf5 5. Nf3 h6 6. Ne5 Nbd7 7. g4 Bh7 8. h4
Ne4 9. Nxe4 dxe4 10. c3 e6 11. Bg2 Nb6 12. g5 Bf5 13. g6 fxg6 14. Qc2 Nd5 15.
Bxe4 Nxf4 16. exf4 Qf6 17. f3 Bd6 18. O-O-O O-O-O 19. Kb1 Bxe5 20. fxe5 Qf7 21.
Rdg1 Rhf8 22. Rg3 Qe7 23. a4 Kc7 24. Ka2 c5 25. Qd3 cxd4 26. cxd4 Qb4 27. Qc3+
Qxc3 28. bxc3 Bxe4 29. fxe4 Rf2+ 30. Kb3 Rd7 31. Rxg6 Rf4 32. Rxe6 Rxe4 33. h5
Rg4 34. Rf1 Rg2 35. Rg6 Rxg6 36. hxg6 Kd8 37. Kc4 Ke8 38. d5 Rc7+ 39. Kd4 1-0

[Event "Titled Tue 17th Jun Early"]
[Site "chess.com INT"]
[Date "2025.06.17"]
[Round "5"]
[White "Dwilewicz, Katarzyna"]
[Black "Mesquita, Eduardo Barbosa"]
[Result "1-0"]
[WhiteTitle "WFM"]
[WhiteElo "2198"]
[BlackElo "2014"]
[WhiteFideId "1148486"]
[BlackFideId "22757163"]
[EventDate "2025.06.17"]

1. e4 c5 2. Nc3 Nc6 3. Bb5 g6 4. Nge2 Bg7 5. O-O Nf6 6. d3 O-O 7. f4 d6 8. Be3
a6 9. Bxc6 bxc6 10. Qe1 Rb8 11. Rb1 d5 12. e5 Nd7 13. Na4 d4 14. Bd2 Rb5 15. b3
Nb6 16. Nxb6 Qxb6 17. a4 Rb4 18. Bxb4 cxb4 19. Qf2 c5 20. Ng3 Bb7 21. Rbe1 a5
22. f5 Qc6 23. Re2 h5 24. f6 exf6 25. exf6 Bh6 26. Ne4 Be3 27. Rxe3 dxe3 28.
Qxe3 Kh7 29. Qxc5 Qe8 30. Qe7 Qa8 31. Rf2 Kg8 32. Nd6 Bd5 33. Qe3 Kh7 34. Nc4
Re8 35. Qd2 Qa6 36. h3 Qe6 37. Nxa5 Qe5 38. Nc4 Qg3 39. Re2 Rc8 40. Qe3 Qc7 41.
Qe5 Qd7 42. Kh2 Bc6 43. Qd6 Qb7 44. Qe7 Rc7 45. Qf8 1-0

[Event "Titled Tue 17th Jun Early"]
[Site "chess.com INT"]
[Date "2025.06.17"]
[Round "5"]
[White "Frempong-Smart Daniel"]
[Black "Nikulina, Alena"]
[Result "0-1"]
[WhiteTitle "CM"]
[BlackTitle "WFM"]
[WhiteElo "1841"]
[BlackElo "1875"]
[WhiteFideId "12601659"]
[BlackFideId "4172051"]
[EventDate "2025.06.17"]

1. d4 d5 2. Nf3 Nf6 3. g3 e6 4. Bg2 c5 5. O-O Nc6 6. c4 Be7 7. Nc3 O-O 8. cxd5
Nxd5 9. Nxd5 exd5 10. dxc5 Bxc5 11. Bg5 Be7 12. Bxe7 Nxe7 13. Nd4 Be6 14. Rc1
Rc8 15. Qb3 b6 16. Qa3 Qd7 17. Rfd1 Rxc1 18. Rxc1 Rc8 19. Rxc8+ Nxc8 20. Qc3 h6
21. Qc6 Ne7 22. Qxd7 Bxd7 23. Kf1 Kf8 24. Ke1 Be6 25. Kd2 Ke8 26. Kc3 Kd7 27.
Kb4 a6 28. a4 Kd6 29. e3 Bd7 30. a5 b5 31. Kc3 Ng6 32. b4 Ne5 33. Nb3 Ng4 34.
Nc5 Bc8 35. Nd3 Nxh2 36. f3 g5 37. g4 f5 38. gxf5 Bxf5 39. Nc5 Bc8 40. Kd4 h5
41. Kd3 g4 42. fxg4 hxg4 43. Ke2 Ke5 44. Kf2 d4 0-1

[Event "Titled Tue 17th Jun Early"]
[Site "chess.com INT"]
[Date "2025.06.17"]
[Round "5"]
[White "Klys, Kacper"]
[Black "Jaiveer, Mahendru"]
[Result "0-1"]
[WhiteTitle "CM"]
[BlackTitle "FM"]
[WhiteElo "2218"]
[BlackElo "2217"]
[WhiteFideId "21005281"]
[BlackFideId "25611151"]
[EventDate "2025.06.17"]

1. e4 e6 2. d4 d5 3. e5 c5 4. c3 Nc6 5. Nf3 Bd7 6. Be2 Nh6 7. O-O Nf5 8. Na3 Qb6
9. Nc2 Rc8 10. dxc5 Bxc5 11. b4 Be7 12. a3 f6 13. Bf4 O-O 14. Ncd4 Ncxd4 15.
cxd4 Bd8 16. Re1 g5 17. Bg3 g4 18. Nh4 Nxd4 19. Bxg4 f5 20. Bh5 Nc2 21. Qd2 Nxa1
22. Qh6 Be8 23. Rxa1 Qc7 24. Qxe6+ Bf7 25. Bxf7+ Rxf7 26. h3 f4 27. Qg4+ Kh8 28.
Bxf4 Rg7 29. Qh5 Qc3 30. Rc1 Qxc1+ 31. Bxc1 Rxc1+ 32. Kh2 Rc2 33. Nf3 Rxf2 34.
Nh4 Bc7 35. Kg1 Re2 36. Qe8+ Rg8 37. e6 Bb6+ 38. Kh1 Rxe8 39. e7 R8xe7 40. Nf5
Re1+ 41. Kh2 Bc7+ 42. g3 R7e2# 0-1

[Event "Titled Tue 17th Jun Early"]
[Site "chess.com INT"]
[Date "2025.06.17"]
[Round "5"]
[White "Huseynova, Dinara"]
[Black "Deveci, Huseyin Said"]
[Result "0-1"]
[WhiteTitle "WCM"]
[BlackTitle "CM"]
[WhiteElo "1833"]
[BlackElo "2212"]
[WhiteFideId "13437313"]
[BlackFideId "26322455"]
[EventDate "2025.06.17"]

1. d4 Nf6 2. Nf3 c5 3. e3 cxd4 4. exd4 d5 5. Bd3 Bg4 6. Nbd2 e6 7. b3 Nc6 8. Bb2
Bd6 9. O-O O-O 10. a3 Re8 11. h3 Bh5 12. g4 Bg6 13. Bxg6 hxg6 14. Ne5 Bxe5 15.
dxe5 Nd7 16. Re1 Qh4 17. Qf3 Qg5 18. Qe3 Qe7 19. Nf3 Rac8 20. Rac1 b6 21. c4
dxc4 22. Rxc4 Na5 23. Rcc1 Nb8 24. Nd4 Red8 25. Rxc8 Rxc8 26. Rc1 Rd8 27. b4 Nb7
28. Nc6 Nxc6 29. Rxc6 Rd1+ 30. Kg2 Nd8 31. Rc8 Qb7+ 32. Qf3 Rg1+ 33. Kxg1 Qxf3
34. Rxd8+ Kh7 35. Rd7 Qb3 36. Bd4 Qxh3 37. Rd6 Qxg4+ 38. Kh2 Qf4+ 39. Kg2 g5 40.
Bxb6 axb6 41. Rxb6 Qxe5 42. a4 g4 43. a5 Qe4+ 44. Kg1 g3 45. fxg3 Qe1+ 46. Kg2
Qe2+ 47. Kh3 g5 48. a6 Qf1+ 49. Kg4 Qf5+ 50. Kh5 Qh3+ 51. Kxg5 Qxg3+ 52. Kh5
Qh2+ 53. Kg5 Qg1+ 54. Kf4 Qxb6 55. Kg4 Qxb4+ 0-1

[Event "Titled Tue 17th Jun Early"]
[Site "chess.com INT"]
[Date "2025.06.17"]
[Round "5"]
[White "Reprintsev, Alexander"]
[Black "Toktomushev, Teimur"]
[Result "0-1"]
[WhiteTitle "IM"]
[BlackTitle "FM"]
[WhiteElo "2256"]
[BlackElo "2390"]
[WhiteFideId "14100541"]
[BlackFideId "14176726"]
[EventDate "2025.06.17"]

1. e4 c5 2. b3 e6 3. Nf3 d6 4. Bb2 Nf6 5. Nc3 Be7 6. g3 O-O 7. Bg2 Nc6 8. O-O e5
9. h3 h6 10. d3 Nd4 11. Nd2 Be6 12. Ne2 d5 13. c3 Nxe2+ 14. Qxe2 Re8 15. c4 dxe4
16. dxe4 Nd7 17. Nb1 f6 18. Nc3 Nb8 19. Nd5 Nc6 20. f4 Nd4 21. Qf2 Bd6 22. Kh1
Rc8 23. Rad1 a6 24. h4 b5 25. fxe5 Bxe5 26. Nf4 Bg4 27. Rc1 Qd7 28. cxb5 axb5
29. Nd5 Qf7 30. Ne3 Be6 31. Nf5 Bxf5 32. exf5 Kh7 33. Rcd1 Red8 34. g4 Rd7 35.
Rg1 Rcd8 36. Rde1 c4 37. Rxe5 fxe5 38. Be4 Kg8 39. g5 hxg5 40. Rxg5 Ne6 41. Rg2
Nf4 42. Bxe5 Nxg2 43. Bxg2 Qh5 44. Bg3 Rd1+ 45. Kh2 R1d2 46. Qf1 Qe2 47. Qxe2
Rxe2 48. bxc4 bxc4 49. Kh3 Rxg2 50. Kxg2 c3 51. Bf4 c2 52. Kf2 Rd1 0-1

[Event "Titled Tue 17th Jun Early"]
[Site "chess.com INT"]
[Date "2025.06.17"]
[Round "5"]
[White "Sutormin, Danila"]
[Black "Raptis, Nick"]
[Result "1-0"]
[WhiteTitle "FM"]
[BlackTitle "FM"]
[WhiteElo "2381"]
[BlackElo "2220"]
[WhiteFideId "24108669"]
[BlackFideId "2016850"]
[EventDate "2025.06.17"]

1. e4 e6 2. d4 d5 3. Nd2 Nf6 4. e5 Nfd7 5. Bd3 c5 6. c3 Nc6 7. Ne2 cxd4 8. cxd4
f6 9. exf6 Nxf6 10. Nf3 Bd6 11. O-O O-O 12. Bf4 Bxf4 13. Nxf4 Ne4 14. Qc1 Ng5
15. Nxg5 Qxg5 16. Bxh7+ Kxh7 17. Nxe6 Qf6 18. Nxf8+ Qxf8 19. Qe3 Bf5 20. Rfe1
Rd8 21. Rac1 Rd6 22. Rc3 Re6 23. Qd2 Rxe1+ 24. Qxe1 Qf6 25. Qd1 Qg6 26. Rg3 Qh6
27. h3 Qh4 28. Ra3 a6 29. g4 Be4 30. Rg3 Qg5 31. Re3 Qf4 32. Rg3 Ne7 33. g5 Bg6
34. Qe2 Nf5 35. Rg4 Nxd4 36. Qd1 Nf3+ 37. Kg2 Qh2+ 38. Kxf3 Be4+ 39. Ke3 Qxh3+
40. Kd4 Qh5 41. Rg1 Qf7 42. Rh1+ 1-0

[Event "Titled Tue 17th Jun Early"]
[Site "chess.com INT"]
[Date "2025.06.17"]
[Round "5"]
[White "Savitha, Shri B"]
[Black "Mekhitarian, Krikor Sevag"]
[Result "1-0"]
[WhiteTitle "IM"]
[BlackTitle "GM"]
[WhiteElo "2293"]
[BlackElo "2564"]
[WhiteFideId "35061887"]
[BlackFideId "2107660"]
[EventDate "2025.06.17"]

1. e4 c5 2. b4 cxb4 3. a3 bxa3 4. d4 d5 5. exd5 Qxd5 6. Nf3 Nf6 7. Nxa3 e6 8.
Nb5 Qd8 9. Bf4 Nd5 10. Bd2 Nc6 11. c4 Nf6 12. Bd3 Be7 13. O-O O-O 14. Qc2 a6 15.
Qb2 Rb8 16. Na3 Qc7 17. Nc2 Rd8 18. g3 b5 19. Bf4 Bd6 20. Bxd6 Qxd6 21. c5 Qc7
22. Rfe1 a5 23. Ne3 b4 24. Nc4 Ba6 25. Red1 Bxc4 26. Bxc4 Nd5 27. Qb3 g6 28. Re1
Kg7 29. h4 h5 30. Re2 Ra8 31. Rea2 Nc3 32. Rd2 a4 33. Qc2 a3 34. Bb3 Nd5 35. Ng5
Na5 36. Re2 Nxb3 37. Qxb3 Qc6 38. Qf3 Rd7 39. Re5 Rad8 40. Qb3 Ne7 41. Rae1 Rd5
42. Nxe6+ fxe6 43. Rxe6 Qb5 44. Rxe7+ Kf8 45. Qe3 g5 46. Qe6 1-0

[Event "Titled Tue 17th Jun Early"]
[Site "chess.com INT"]
[Date "2025.06.17"]
[Round "5"]
[White "Elier, Ali"]
[Black "Kosakowski, Jakub"]
[Result "1/2-1/2"]
[WhiteTitle "CM"]
[BlackTitle "GM"]
[WhiteElo "2142"]
[BlackElo "2548"]
[WhiteFideId "16217543"]
[BlackFideId "1185080"]
[EventDate "2025.06.17"]

1. e4 c6 2. Nc3 d5 3. d4 dxe4 4. Nxe4 Nf6 5. Nxf6+ exf6 6. Bc4 Na6 7. Ne2 Nc7 8.
O-O Bd6 9. Re1 O-O 10. Ng3 Be6 11. Bxe6 fxe6 12. Qg4 Qd7 13. Bf4 Bxf4 14. Qxf4
Rae8 15. c3 Nd5 16. Qg4 Qf7 17. Re2 Qg6 18. Qxg6 hxg6 19. Rae1 Nf4 20. Re3 Kf7
21. Ne4 Re7 22. g3 Nd5 23. Nd6+ Kg8 24. Rxe6 Rd7 25. c4 Nb4 26. c5 b6 27. Re8
Rxe8 28. Rxe8+ Kh7 29. a3 Nc2 30. d5 Nd4 31. dxc6 Nxc6 32. b4 bxc5 33. bxc5 Nd4
34. Rc8 Ne6 35. Ne4 Rd4 36. f3 f5 37. Re8 fxe4 38. Rxe6 exf3 39. c6 Rd2 40. c7
Rc2 41. Re7 g5 42. h3 Kg6 43. Rd7 Kf5 44. Kf1 g6 45. a4 g4 46. h4 Ke4 47. Re7+
Kd4 48. Rd7+ Ke5 49. Re7+ Kd6 50. Rg7 Rc1+ 51. Kf2 Rc2+ 52. Kf1 Rc1+ 53. Kf2
Rc2+ 54. Kf1 1/2-1/2

[Event "Titled Tue 17th Jun Early"]
[Site "chess.com INT"]
[Date "2025.06.17"]
[Round "5"]
[White "Zakirov, Musa"]
[Black "Caprio, Guido"]
[Result "1-0"]
[WhiteTitle "FM"]
[BlackTitle "IM"]
[WhiteElo "2209"]
[BlackElo "2435"]
[WhiteFideId "44189222"]
[BlackFideId "834580"]
[EventDate "2025.06.17"]

1. e4 c5 2. Nf3 d6 3. d4 cxd4 4. Nxd4 Nf6 5. Nc3 a6 6. f3 e5 7. Nb3 Be6 8. Be3
Be7 9. Qd2 h5 10. Nd5 Nxd5 11. exd5 Bf5 12. Be2 Nd7 13. O-O Bg6 14. c4 b6 15. f4
exf4 16. Bxf4 O-O 17. Nd4 Ne5 18. Rac1 Rc8 19. b3 Bf6 20. a4 Re8 21. Kh1 Qd7 22.
Bg5 Bxg5 23. Qxg5 Qe7 24. Qf4 Bd3 25. Rce1 Bxe2 26. Rxe2 Qd7 27. Ref2 g6 28. h3
Rc7 29. Qh6 Qe7 30. Rf6 Qf8 31. Qg5 Qg7 32. Rxd6 Nd3 33. Rdf6 Re5 34. Qg3 Re1
35. Rxe1 Nxe1 36. Rf1 Re7 37. Nc6 Re4 38. Rxe1 h4 39. Qf2 1-0

[Event "Titled Tue 17th Jun Early"]
[Site "chess.com INT"]
[Date "2025.06.17"]
[Round "5"]
[White "Burmakin, Evgeniy"]
[Black "Novikova, Marharyta"]
[Result "0-1"]
[WhiteTitle "FM"]
[BlackTitle "WCM"]
[WhiteElo "2110"]
[BlackElo "1974"]
[WhiteFideId "4163729"]
[BlackFideId "14109689"]
[EventDate "2025.06.17"]

1. e4 d5 2. exd5 Qxd5 3. Nc3 Qd6 4. d4 Nf6 5. Nf3 Bg4 6. h3 Bxf3 7. Qxf3 Nc6 8.
Be3 e6 9. O-O-O O-O-O 10. Bb5 Nb4 11. Kb1 Nbd5 12. Nxd5 Qxd5 13. Be2 Qxf3 14.
Bxf3 Nd5 15. Bd2 Bd6 16. g3 c5 17. Bxd5 exd5 18. Be3 c4 19. Rhe1 Rhe8 20. Bg5 f6
21. Bd2 Kd7 22. b3 b5 23. Ba5 Rxe1 24. Rxe1 Re8 25. Rxe8 Kxe8 26. Kc1 f5 27. Kd2
Kd7 28. Ke3 g5 29. g4 fxg4 30. hxg4 Bf4+ 31. Kf3 Ke6 32. Bd8 a6 33. Bb6 Kf7 34.
Bd8 Kg6 35. Be7 h5 36. gxh5+ Kxh5 37. a4 Kg6 38. Kg4 Bd2 39. f3 Bc3 40. Bxg5
Bxd4 41. Bd2 Bf6 42. f4 d4 43. f5+ Kf7 44. Kf3 d3 45. bxc4 bxc4 46. cxd3 c3 47.
Bc1 Be5 48. Ke4 Kf6 49. d4 Bg3 50. Be3 Be1 51. Kd3 Kxf5 0-1

[Event "Titled Tue 17th Jun Early"]
[Site "chess.com INT"]
[Date "2025.06.17"]
[Round "5"]
[White "Garcia, Jhoel"]
[Black "Masague Artero, Guerau"]
[Result "0-1"]
[WhiteTitle "IM"]
[BlackTitle "FM"]
[WhiteElo "2293"]
[BlackElo "2326"]
[WhiteFideId "3801110"]
[BlackFideId "32098952"]
[EventDate "2025.06.17"]

1. e4 e5 2. Nf3 Nc6 3. Nc3 Bb4 4. Bb5 Nf6 5. O-O O-O 6. d3 Bxc3 7. bxc3 d6 8.
Bg5 Ne7 9. Bxf6 gxf6 10. d4 Ng6 11. Re1 Kh8 12. Bf1 Qe7 13. g3 Bg4 14. Bg2 Rae8
15. Qd3 Qd7 16. Nd2 Rg8 17. Rab1 Nf4 18. Qb5 Qxb5 19. Rxb5 b6 20. Kf1 Bd7 21.
Rb3 Nxg2 22. Kxg2 f5 23. f3 fxe4 24. dxe5 Rxe5 25. Rxe4 Rge8 26. c4 f5 27. Rxe5
Rxe5 28. Kf2 Kg7 29. Ra3 a5 30. Rc3 Kf6 31. f4 Re8 32. Nf3 Re4 33. Nd2 Re7 34.
Nf3 Be8 35. Nd4 Bf7 36. Nb5 Ke6 37. Re3+ Kd7 38. Rxe7+ Kxe7 39. Nxc7 Bxc4 40. a3
Kd7 41. Na8 Kc6 42. Ke3 Kb7 43. Kd4 Be6 44. h3 Kxa8 45. g4 fxg4 46. hxg4 Bxg4
47. Kd5 h5 48. Kxd6 h4 49. Ke5 h3 50. f5 Bxf5 51. Kxf5 h2 0-1

[Event "Titled Tue 17th Jun Early"]
[Site "chess.com INT"]
[Date "2025.06.17"]
[Round "5"]
[White "Manukian, Artak"]
[Black "Troltenier, Dirk"]
[Result "1-0"]
[BlackTitle "FM"]
[WhiteElo "2104"]
[BlackElo "2174"]
[WhiteFideId "13301373"]
[BlackFideId "4606400"]
[EventDate "2025.06.17"]

1. e4 e5 2. Nf3 d6 3. d4 exd4 4. Nxd4 Nf6 5. f3 Be7 6. c4 O-O 7. Nc3 c6 8. Be3
d5 9. cxd5 cxd5 10. e5 Ne8 11. Bd3 Nc7 12. O-O Nc6 13. Nxc6 bxc6 14. Na4 f6 15.
exf6 Bxf6 16. Qc2 Kh8 17. Bxh7 Ne6 18. Bd3 Qd6 19. Rac1 Bd7 20. Nc5 d4 21. Bf2
Rac8 22. Bg3 Qe7 23. Nxe6 Bxe6 24. b3 Bg5 25. Rce1 Be3+ 26. Bf2 Bd5 27. Bxe3
dxe3 28. Re2 Qg5 29. Be4 Rce8 30. Bxd5 cxd5 31. Qd3 Re6 32. g3 Qe5 33. f4 Qe4
34. Qxe4 Rxe4 35. Rd1 d4 36. Kg2 Rfe8 37. Kf3 g6 38. Rd3 R8e7 39. Re1 Kg7 40.
Red1 Kf7 41. Ke2 Rd7 42. Rc1 Re6 43. Rc4 Red6 44. g4 Kf6 45. Rc5 Kf7 46. h4 Ra6
47. a4 Rad6 48. h5 Kg7 49. hxg6 Kxg6 50. b4 a6 51. b5 axb5 52. axb5 Ra7 53. Rc6
Ra2+ 54. Ke1 Ra1+ 55. Rd1 Rxd1+ 56. Kxd1 1-0

[Event "Titled Tue 17th Jun Early"]
[Site "chess.com INT"]
[Date "2025.06.17"]
[Round "5"]
[White "Shandrygin, Nikita"]
[Black "Svane, Rasmus"]
[Result "0-1"]
[WhiteTitle "FM"]
[BlackTitle "GM"]
[WhiteElo "2209"]
[BlackElo "2626"]
[WhiteFideId "24198668"]
[BlackFideId "4657101"]
[EventDate "2025.06.17"]

1. Nf3 d5 2. g3 Nf6 3. d4 Bf5 4. Bg2 e6 5. O-O c6 6. b3 Nbd7 7. Bb2 h6 8. Nbd2
Be7 9. c4 O-O 10. Ne5 a5 11. a3 Re8 12. f4 Ng4 13. Nxg4 Bxg4 14. h3 Bf5 15. g4
Bh7 16. e3 Bd6 17. Qe2 Qe7 18. Qf2 b5 19. c5 Bc7 20. h4 Kh8 21. Rfe1 Nf6 22. Bf3
Ne4 23. Nxe4 dxe4 24. Be2 Rad8 25. a4 b4 26. Kg2 f6 27. Bc4 Rd7 28. Rh1 Red8 29.
g5 e5 30. fxe5 fxe5 31. gxh6 gxh6 32. Rhf1 Qg7+ 33. Kh1 Qg4 34. Qh2 exd4 35.
Bxd4+ Rxd4 36. Qxc7 Qxh4+ 37. Qh2 Qxh2+ 38. Kxh2 Rd2+ 39. Kh3 Bg6 40. Rf6 Be8
41. Rg1 Bd7+ 42. Kh4 Rh2+ 43. Kg3 Rh3+ 44. Kf4 Rf3+ 45. Ke5 Re8+ 46. Kd6 Rxf6+
47. Kxd7 Re5 48. Rg8+ Kh7 49. Rc8 Rxc5 50. Ke7 Rg6 51. Bf7 Re5+ 52. Kf8 Rf6 53.
Rc7 Ref5 0-1

[Event "Titled Tue 17th Jun Early"]
[Site "chess.com INT"]
[Date "2025.06.17"]
[Round "5"]
[White "Carlsson, Ludvig"]
[Black "Martic, Ivan SRB"]
[Result "1-0"]
[WhiteTitle "IM"]
[BlackTitle "FM"]
[WhiteElo "2379"]
[BlackElo "2270"]
[WhiteFideId "1727010"]
[BlackFideId "929301"]
[EventDate "2025.06.17"]

1. Nf3 Nf6 2. c4 g6 3. Nc3 Bg7 4. e4 d6 5. d4 O-O 6. Be2 Nbd7 7. O-O e5 8. Qc2
c6 9. d5 c5 10. Bg5 h6 11. Bd2 Nh7 12. g3 Kh8 13. Kh1 Ndf6 14. Rg1 Bh3 15. Bf1
Qd7 16. Bxh3 Qxh3 17. Raf1 Ng4 18. Rg2 f5 19. Ng1 Qh5 20. f3 Ngf6 21. Qd3 fxe4
22. fxe4 Ng4 23. h3 Rxf1 24. Qxf1 g5 25. Qe2 Ngf6 26. Qxh5 Nxh5 27. Nge2 a6 28.
a4 Rf8 29. Kg1 N7f6 30. Rf2 Kg8 31. Kg2 g4 32. hxg4 Nxg4 33. Rxf8+ Kxf8 34. Nd1
Nhf6 35. Nec3 Ke7 36. a5 Kd7 37. b3 Bf8 38. Kf3 Be7 39. Na4 Bd8 40. b4 cxb4 41.
Bxb4 Nh2+ 42. Kg2 Nhg4 43. Kf3 Nh2+ 44. Ke3 Nhg4+ 45. Kd3 Be7 46. Ndc3 h5 47.
Ke2 Nh7 48. c5 Ng5 49. Nb6+ Kc7 50. cxd6+ Bxd6 51. Bxd6+ Kxd6 52. Kd3 Nf2+ 53.
Ke3 Ng4+ 54. Kd3 Nf2+ 55. Ke3 Ng4+ 56. Ke2 Nf6 57. Kd3 Ng4 58. Nc4+ Kc5 59. Nd1
Nf6 60. Nf2 Nd7 61. Kc3 b5 62. Nd3# 1-0

[Event "Titled Tue 17th Jun Early"]
[Site "chess.com INT"]
[Date "2025.06.17"]
[Round "5"]
[White "Weerasekara, Dishal Nimsara"]
[Black "Asish Panda"]
[Result "0-1"]
[WhiteTitle "FM"]
[WhiteElo "2125"]
[BlackElo "1911"]
[WhiteFideId "9997431"]
[BlackFideId "45012458"]
[EventDate "2025.06.17"]

1. c4 e6 2. Nf3 d5 3. g3 Nf6 4. Bg2 Be7 5. O-O O-O 6. b3 b6 7. e3 Bb7 8. Bb2
Nbd7 9. d3 a5 10. a3 Nc5 11. d4 Nce4 12. Qc2 c5 13. Rd1 cxd4 14. Nxd4 Rc8 15.
Nc3 Nxc3 16. Qxc3 Qc7 17. Rac1 dxc4 18. Nb5 Qb8 19. Bxb7 Qxb7 20. bxc4 Qf3 21.
Rd4 e5 22. Rdd1 Ne4 23. Qe1 Ng5 24. Qf1 Qf5 25. Qg2 Nf3+ 26. Kh1 Rfd8 27. Rxd8+
Rxd8 28. g4 Qe4 29. Nc7 Rd2 30. Nd5 Bc5 31. Ba1 h6 32. Bc3 Ra2 33. h3 Bxa3 34.
Rd1 Bc5 35. Ba1 Kh7 36. Nc3 Qc2 37. Qxf3 f6 38. Qe4+ Kg8 39. Qxc2 Rxc2 40. Ne4
Bb4 41. Kg2 a4 42. Rb1 Ba5 43. Nd6 a3 44. Rb3 Ra2 45. Bc3 Kh7 0-1

[Event "Titled Tue 17th Jun Early"]
[Site "chess.com INT"]
[Date "2025.06.17"]
[Round "5"]
[White "Sarveshwaran V"]
[Black "Souleidis, Georgios"]
[Result "1-0"]
[WhiteTitle "CM"]
[BlackTitle "IM"]
[WhiteElo "2290"]
[BlackElo "2418"]
[WhiteFideId "25699016"]
[BlackFideId "4206827"]
[EventDate "2025.06.17"]

1. e4 c5 2. Nf3 e6 3. d4 cxd4 4. Nxd4 Nf6 5. Bd3 Nc6 6. Nb3 d5 7. exd5 exd5 8.
O-O Bg4 9. Be2 Bf5 10. c3 h6 11. Bf4 Bd6 12. Bxd6 Qxd6 13. Nd4 Bg6 14. Nb5 Qd7
15. Re1 O-O 16. Nd2 a6 17. Nd4 Nxd4 18. cxd4 Rac8 19. Rc1 Rxc1 20. Qxc1 Rc8 21.
Qa1 Rc2 22. Nf3 Qc7 23. Ne5 Qb6 24. Nxg6 fxg6 25. Bd3 Rxb2 26. Bxg6 Qxd4 27. Rf1
Qd2 28. a4 Ng4 29. Qa3 Ne5 30. Bf5 Qb4 31. Qg3 Qd6 32. Qc3 Re2 33. Qc8+ Kf7 34.
Qxb7+ Kf6 35. Bh3 Re4 36. Qc8 Kf7 37. Qf5+ Qf6 38. Qc8 Kg6 39. Qc2 Kh7 40. f3
Qg6 41. fxe4 Qg5 42. exd5+ g6 43. Qc7+ Kg8 44. Qb8+ Kg7 45. Qb7+ Kh8 46. Kh1 Nf7
47. Qxf7 Qxg2+ 48. Kxg2 1-0